মধু দা: (Record no. 27733)

MARC details
000 -LEADER
fixed length control field 01311nam a22002057a 4500
003 - CONTROL NUMBER IDENTIFIER
control field BDDh-ASL
005 - DATE AND TIME OF LATEST TRANSACTION
control field 20231015030806.0
008 - FIXED-LENGTH DATA ELEMENTS--GENERAL INFORMATION
fixed length control field 201025s1997 b ||||| |||| 00| 0 b d
040 ## - CATALOGING SOURCE
Original cataloging agency BDDh-ASL
Transcribing agency BDDh-ASL
041 ## - LANGUAGE CODE
Language code of text/sound track or separate title ben
082 ## - DEWEY DECIMAL CLASSIFICATION NUMBER
Classification number 923.2
Item number MAD
245 10 - TITLE STATEMENT
Title মধু দা:
Remainder of title শহীদ মধুসূদন দে স্মারক গ্রন্থ /
Statement of responsibility, etc. জিল্লুর রহমান সিদ্দিকী ও অন্যান্য (সম্পা.)।
246 ## - VARYING FORM OF TITLE
Title proper/short title Madu da
260 ## - PUBLICATION, DISTRIBUTION, ETC.
Place of publication, distribution, etc. ঢাকা :
Name of publisher, distributor, etc. মধু দা স্মৃতি সংসদ প্রকাশনা,
Date of publication, distribution, etc. ১৯৯৭।
300 ## - PHYSICAL DESCRIPTION
Extent ৪৩৭ পৃষ্ঠা, :
Dimensions ২২ সে.মি.
600 10 - SUBJECT ADDED ENTRY--PERSONAL NAME
9 (RLIN) 5908
Personal name দে, মধুসূদন
650 #0 - SUBJECT ADDED ENTRY--TOPICAL TERM
Topical term or geographic name entry element Commemoration Volume (স্মারকগ্রন্থ), Memoirs, স্মারকগ্রন্থ, Smārakagrantha, Souvenir, স্মরণিক, স্মারকগ্রন্থ, স্মৃতিকথা, Smr̥tikathā, Memoirs, Reminiscences, স্মরণিকা, Smaraṇikā, Souvenir, স্যুভেনির, অভিজ্ঞান, Syubhēnira, so͞ovəˈnir, memorial, souvenir, remembrancer
9 (RLIN) 4668
700 1# - ADDED ENTRY--PERSONAL NAME
9 (RLIN) 5909
Personal name সিদ্দিকী, জিল্লুর রহমান
942 ## - ADDED ENTRY ELEMENTS (KOHA)
Source of classification or shelving scheme Dewey Decimal Classification
Koha item type Books
Holdings
Withdrawn status Lost status Source of classification or shelving scheme Damaged status Not for loan Collection code Home library Current library Shelving location Date acquired Source of acquisition Total Checkouts Full call number Barcode Date last seen Copy number Price effective from Koha item type Public note
    Dewey Decimal Classification     Non-fiction Asiatic Society Library Asiatic Society Library General Stacks 11/09/2021 Complementary   923.2 MAD 113911 11/09/2021 C-1 11/09/2021 Books RARE
    Dewey Decimal Classification     Non-fiction Asiatic Society Library Asiatic Society Library General Stacks 11/09/2021 Complementary   923.2 MAD 113912 11/09/2021 C-2 11/09/2021 Books RARE
    Dewey Decimal Classification     Non-fiction Asiatic Society Library Asiatic Society Library General Stacks 12/06/2022 Donated by Mr. Anupom Hayat   923.2 MAD 117969 12/06/2022 C-3 12/06/2022 Books  

Powered by Koha